| 000 | 01176nam a2200313 a 4500 | ||
|---|---|---|---|
| 001 | 000006261 | ||
| 003 | DO-SdBPM | ||
| 005 | 20260213062355.0 | ||
| 007 | ta | ||
| 008 | 090827d2005 dr a 000 0 spa d | ||
| 020 | _a9945415050 | ||
| 040 |
_aDO-SdBPM _bspa _cBPMSU _d _erda |
||
| 082 | 4 |
_a370.71 _bF723p 2005 _222 |
|
| 245 | 0 | 3 |
_aLa formación de profesores : _bprincipales enfoques y evaluación de una experiencia concreta / _cGineida Castillo ... [et al.]; coodinador Rhadamés Mejía |
| 264 |
_aSanto Domingo : _bCentro de Investigación en Educación y Desarrollo Humano , _c2005 |
||
| 300 |
_a165 págians : _bilustraciones ; _c22 cm. |
||
| 336 |
_atexto _btxt _2rdacontent |
||
| 337 |
_asin mediación _bn _2rdamedia |
||
| 338 |
_avolumen _bnc _2rdacarrier |
||
| 500 | _aIncluye referencias bibliográficas y notas al pie de las páginas. | ||
| 504 | _aBibliografía : páginas 54-59 | ||
| 590 | _aInventariado, 2026/VM | ||
| 650 | 7 | _aFormación profesional de maestros | |
| 650 | 7 | _aCapacitación docente | |
| 700 | 1 | _aCastillo, Gineida. | |
| 700 | 1 |
_aMejia, Radhamés _ecoordinador |
|
| 910 | _aVMateo V. Control de calidad BPMSU | ||
| 942 |
_2ddc _cBK |
||
| 999 |
_c15691 _d15691 |
||